| 000 | 00590nam a2200193 a 4500 | ||
|---|---|---|---|
| 001 | 000042663 | ||
| 005 | 20201002040317.0 | ||
| 008 | 140204s1998 sp 000 0 spa d | ||
| 020 | _a8483100509 | ||
| 040 |
_aDO-SdBNP _bspa _cBNPHU |
||
| 082 |
_axxxxxx _bxxxxxx |
||
| 100 | 1 |
_aFischer, Tibor _969949 |
|
| 245 | 1 | 0 |
_aBajo el Culo del Sapo : _buna comedia negra / _cTibor Fischer ; traducción Cecilia Absatz. |
| 260 |
_aBarcelona, : _bTusQuets, _c1998. |
||
| 300 |
_a335 p. ; _c21 cm. |
||
| 490 | 1 |
_aAndanzas _v325 |
|
| 700 | 1 |
_aAbsatz, Cecilia, _etr. _951463 |
|
| 830 | 0 |
_aAndanzas _n325 _969950 |
|
| 999 |
_c42152 _d42152 |
||